| 000 | 00485nam a22001817a 4500 | ||
|---|---|---|---|
| 003 | CEME | ||
| 005 | 20210628203150.0 | ||
| 008 | 210119b xxu||||| |||| 00| 0 eng d | ||
| 020 | _a81-8356-004-4 | ||
| 040 | _cceme | ||
| 082 | _a515.723 BHO | ||
| 100 |
_aBhosale, Bharat Namdeo _963726 |
||
| 245 | _aIntegral transformations of generalised functions | ||
| 260 |
_aNEW DELHI _bDISCOVERY _c2005 |
||
| 300 | _a127 P | ||
| 650 |
_aINTEGRAL TRANSFORMATIONS. _963727 |
||
| 942 |
_cBK _2ddc |
||
| 999 |
_c572455 _d572455 |
||